[Event "FIDE-Wch k.o."]
[Site "Las Vegas"]
[Date "1999.08.01"]
[Round "1.2"]
[White "Kobese, Watu"]
[Black "Lautier, Joel"]
[Result "0-1"]
[WhiteElo "2389"]
[BlackElo "2638"]
[Annotator "Atlas,V"]
[PlyCount "46"]
[EventDate "1999.07.31"]
[EventType "k.o."]
[EventRounds "7"]
[EventCountry "USA"]
[SourceTitle "CBM 072"]
[Source "ChessBase"]
[SourceDate "1999.10.01"]
[SourceVersion "1"]
[SourceVersionDate "1999.10.01"]
[SourceQuality "1"]

1. e4 c5 2. Nf3 Nc6 3. d4 cxd4 4. Nxd4 e6 5. Nc3 Qc7 6. g3 a6 7. Bg2 d6 8. O-O
Nf6 9. a4 Be7 10. Nb3 b6 11. f4 Rb8 12. Be3 Na5 $1 {[%mdl 2048]} ({This move
seems to be more promising than the standard continuation} 12... O-O 13. g4 Re8
14. g5 Nd7 15. Qh5 g6 (15... b5 16. axb5 axb5 17. f5 g6 18. Qh3 Bf8 19. Rf4 b4
20. Rh4 h5 21. fxg6 fxg6 22. Ne2 e5 23. Rxh5 gxh5 24. Qxh5 Re7 25. Rf1 Ba6 26.
Ng3 Bxf1 27. Bxf1 Rh7 28. Qg4 Ne7 {0-1 Kagan,S-Csom,I/Sao Paulo 1973/EXT 99 
(42)}) 16. Qh4 Bb7 17. f5 Nde5 18. fxe6 fxe6 19. Bh3 Bf8 20. Rf6 Bg7 21. Raf1
Bxf6 22. gxf6 Bc8 23. Nd4 Nxd4 24. Bxd4 Nf7 25. Rf2 Qc4 {0-1 Al Modiahki,
M-Suba,M/Manila 1992/TD (42)}) 13. e5 $6 ({A dubious move. After} 13. Nxa5 $6
bxa5 {/\Rb4, Black has good play and promising perspectives on the queenside.})
(13. Nd2 $5 {/\Qe2 deserved serious attention. Now} b5 $6 {falls ahort after}
14. axb5 axb5 15. Qe2 $1 Bd7 (15... b4 16. Nb5 Qd8 17. e5 $16) (15... Ba6 16.
Nb3 $16) 16. e5 $16) (13. Qe2 Nc4 14. Bc1 Bb7) 13... Nd7 (13... dxe5 $5 {
was another option:} 14. fxe5 Nd7 15. Qg4 g6 $13 (15... O-O $5 16. Bh6 g6 ({
Certainly, not} 16... Qxe5 $2 17. Bf4 Bc5+ 18. Kh1) 17. Bxf8 Bxf8 $13)) 14.
exd6 Bxd6 15. Ne4 ({After} 15. Nxa5 $5 bxa5 16. Ne4 Be7 17. Bd4 O-O 18. Qe2 $11
{/=/+ Black has somewhat better chances.}) 15... Nc4 $1 (15... Be7 16. Nxa5
bxa5 17. Bd4 $11 {/=/+}) 16. Nxd6+ Nxd6 {[%cal Gc8b7,Gb7g2,Gd6c4,Gd6f5]} 17. f5
$6 ({Another dubious decision. More prudent was} 17. Qe2 $15) 17... e5 $1 ({
White's play would be justified in case of capturing the pawn:} 17... exf5 $4
18. Bf4 $18) (17... Nxf5 $2 18. Rxf5 exf5 19. Bf4 Ne5 20. Qd5 f6 21. Re1 Bb7 (
21... Qe7 22. Bxe5 Bb7 23. Qd6 $18) 22. Bxe5 fxe5 23. Rxe5+ Kf8 24. Rxf5+ Ke8
25. Qe6+ Qe7 26. Bc6+ Bxc6 27. Qxc6+ Qd7 28. Re5+ Kd8 29. Rd5 $18) 18. Qg4 $2 (
18. Qe2 {was to be preferred:} O-O $15 {/\Nf6; /\Bb7}) 18... O-O 19. Bh6 $2 ({
After this untimely bishop thrust White finds himself in a critical position.
Better was} 19. Qe2) ({or} 19. Rf2) 19... Ne8 20. f6 $4 {[%mdl 8192] After
this blunder White is lost.} (20. Rf2 Ndf6 21. Qg5 Qe7 {, and White is
helpless against the threat 22...Kh8.}) (20. Be3 {was to be preferred,
although after} Qxc2 {Black has a large advantage.}) 20... Ndxf6 21. Qg5 {
Threatening 22.Rf6.} Ng4 $1 {[%csl Rg5,Rh6][%cal Gg4h6] This knight thrust
immediately decides the game.} 22. Bxg7 Nxg7 23. h3 Qxc2 (23... Qxc2 24. Rf3 e4
$19 (24... Be6 $19)) 0-1

[Event "RUS-Cup03 Geller Memorial"]
[Site "Moscow"]
[Date "1999.02.09"]
[Round "8"]
[White "Vokarev, Sergey"]
[Black "Lastin, Alexander"]
[Result "1-0"]
[WhiteElo "2462"]
[BlackElo "2558"]
[Annotator "Atlas,V"]
[PlyCount "79"]
[EventDate "1999.02.10"]
[EventType "swiss"]
[EventRounds "9"]
[EventCountry "RUS"]
[SourceTitle "CBM 070"]
[Source "ChessBase"]
[SourceDate "1999.06.08"]
[SourceVersion "1"]
[SourceVersionDate "1999.06.08"]
[SourceQuality "1"]

1. e4 c5 2. Nf3 Nc6 3. d4 cxd4 4. Nxd4 Nf6 5. Nc3 d6 6. f3 e6 7. Be3 Be7 8. Qd2
O-O 9. O-O-O a6 10. g4 Nxd4 11. Bxd4 b5 12. Kb1 Bb7 13. h4 Nd7 14. a3 ({
The alternatives are:} 14. g5 Rc8 (14... b4 15. Ne2 d5 16. e5 a5 17. Nf4 Qc7
18. Qh2 Bc5 19. Bxc5 Nxc5 20. Nh5 Rfc8 21. Rg1 Kh8 22. Bd3 a4 23. Nf4 a3 24. b3
Nd7 25. Ne2 Nxe5 26. Qf4 d4 27. Be4 Bxe4 {0-1 Schlosser,M-Rachels,S/Adelaide
1988/TD (30)}) 15. Bd3 (15. Rg1 Ne5 16. Rg3 Qc7 17. h5 b4 18. Na4 d5 19. g6
fxg6 20. Bh3 Qd6 21. hxg6 h6 22. Nc5 Nc4 23. Bxe6+ Qxe6 24. Nxe6 Nxd2+ 25. Rxd2
dxe4 26. Nxf8 Rxf8 27. Bxg7 Kxg7 28. Rd7 exf3 29. Rxe7+ {0-1 Thorhallsson,
T-Palac,M/Hartberg 1991/EXT 97 (37)}) 15... b4 16. Ne2 a5 17. Ng3 Qc7 18. h5
Ne5 19. f4 Nf3 20. Qf2 Nxd4 21. Qxd4 Qc5 22. Qg1 Qxg1 23. Rhxg1 Rc5 24. Ne2 Rd8
25. c3 bxc3 26. Nxc3 Bc6 27. Be2 Bd7 28. Rd4 Rb8 29. Na4 Bxa4 {1/2-1/2 Salazar,
H-Panno,O/Buenos Aires 1991/TD (29)}) (14. Be3 b4 15. Ne2 d5 16. Ng3 Qc7 17.
Qg2 Bd6 18. Rg1 Nc5 19. exd5 Bxd5 20. Nf5 Be5 21. Bd4 exf5 22. gxf5 Rfd8 23. b3
Bxd4 24. Rxd4 Qe5 25. Rxd5 Qe1+ 26. Kb2 Qc3+ 27. Kb1 Rxd5 28. Bc4 Rd2 {0-1
Sikora,J-Orsag,M/Trinec 1998/EXT 99 (28)}) 14... Rc8 15. g5 Ne5 (15... Qa5 {
/\b4 falls short after} 16. Nd5 $16) 16. Qe3 Nc4 17. Bxc4 Rxc4 18. Rhg1 b4 $6 (
{This natural move allows White to obtain a durable advantage. After} 18... Qc7
{Black has counterplay.}) 19. axb4 Rxb4 20. Bc5 $1 {[%csl Rd6][%cal Gc5a3,
Gc5d6,Gd1d3,Gg1d1,Gd3d6][%mdl 2048]} ({Very strong move, yielding White a
lrage advantage.} 20. h5 {is met by} Qc7 {/\e5, and Black has dangerous
counterplay. The unusual bishop transfer to the f8-a3 diagonal allows White to
combine attacking chances on the kingside with very unpleasant pressure on the
d6-pawn. Furthemore, it significantly reduces Black's attacking chances on the
queenside.}) 20... Rc4 21. Ba3 Qc7 (21... Qa5 {fails to} 22. Bxd6) 22. Rd3 Ba8
23. h5 Rb8 24. Rgd1 (24. g6 {is strongly met by} Qb6) 24... Rc6 (24... Qa5 $2 {
fails to} 25. Bxd6 Bxd6 26. Rxd6 Rxc3 27. Qxc3 Qxc3 28. Rd8+ Rxd8 29. Rxd8#)
25. f4 Qa5 $6 {This natural move meets a very effective objection.} 26. Qa7 $1
{Excellent queent thrust, based on the precise caluclation.} Rcc8 $2 ({After} 
26... Qd8 {Black's position is very difficult, and yet this continuation was
to be preferred.}) 27. Qxe7 Qxa3 28. b3 {[%csl Rd6][%cal Gg5g6,Gd1d6,Ge7d6]}
Rxb3+ {White was threatening 28.Qd6 and 28,g6. The rook sacrifice allows Black
to seize a temporal initiative, but does not change the assessment of the
position.} (28... Rc5 {is refuted by} 29. Qxd6 Rxb3+ 30. cxb3 Qxb3+ 31. Kc1
Rxc3+ 32. Kd2 $18) 29. cxb3 Qxb3+ 30. Ka1 Rb8 31. R1d2 ({Certainly, not} 31.
Rb1 $2 Qa3+ 32. Na2 Rxb1+ 33. Kxb1 Qxd3+) 31... Bxe4 32. Qxd6 Bxd3 33. Qxd3 {
Black did not get a sufficient compensation for the sacrificed material. His
position is hopeless.} Qb6 ({The ending occuring after} 33... Qa3+ 34. Na2 Qxd3
35. Rxd3 {is easily won for White.}) 34. Qd4 Qc7 35. h6 $1 {Signal to the
final attack!} gxh6 36. gxh6 Kf8 37. f5 $1 Qg3 (37... exf5 {loses in view of}
38. Qh8+ Ke7 39. Nd5+) 38. Qh8+ Qg8 (38... Ke7 39. f6#) 39. Qf6 {Threatening
40.Rd8+ Rd8 41.Qd8#.} Qg1+ (39... Ke8 40. Qd4 Qg3 41. Qh8+ Ke7 42. f6#) 40. Ka2
1-0

[Event "USA-ch G1"]
[Site "Chandler"]
[Date "1997.08.27"]
[Round "4"]
[White "Fedorowicz, John P"]
[Black "Yermolinsky, Alex"]
[Result "1/2-1/2"]
[WhiteElo "2510"]
[BlackElo "2650"]
[Annotator "Atlas,V"]
[PlyCount "116"]
[EventDate "1997.08.23"]
[EventType "tourn"]
[EventRounds "7"]
[EventCountry "USA"]
[EventCategory "12"]
[SourceTitle "CBM 061"]
[Source "ChessBase"]
[SourceDate "1997.11.23"]
[SourceVersion "1"]
[SourceVersionDate "1997.11.23"]
[SourceQuality "1"]

1. e4 c5 2. Nf3 d6 3. d4 cxd4 4. Nxd4 Nf6 5. Nc3 e6 6. g3 Be7 7. Bg2 O-O 8. O-O
a6 9. Re1 Qc7 10. Be3 Nc6 ({After} 10... Bd7 {White can choose between the
programmatic 11.a4 and the aggressive 11.g4.}) 11. Nxc6 bxc6 12. Na4 d5 (12...
Rb8 {is a popular alternative:} 13. c4 c5 (13... e5 14. b3 Bg4 15. Qd3 h6 16.
h3 Be6 17. Rad1 Nh7 18. c5 dxc5 19. Bxc5 Rfd8 20. Qxa6 Bxc5 21. Nxc5 Nf8 22.
Qe2 Qa7 23. Rc1 Rd6 24. Qb2 f6 25. Bf1 Kh8 26. Rc2 Rbd8 27. Kg2 Bf7 28. Be2 Bg6
29. Bf3 Qb6 30. Qc3 Bf7 31. b4 Rd4 32. a3 R8d6 33. Rcc1 Qb8 34. Red1 Qb5 35.
Qb2 Ne6 36. Nxe6 Bxe6 37. Rc5 Qa6 38. Be2 Qc8 39. Rxd4 Bxh3+ 40. Kh2 Rxd4 41.
b5 Rxe4 42. Bf3 Re1 43. Qd2 Rf1 44. Bg2 Bxg2 45. Kxg2 Rb1 46. Qc2 Ra1 47. Rxc6
Qb7 48. f3 e4 49. fxe4 Qxb5 50. Rc8+ Kh7 51. e5+ {1-0 Krits,L-Kuznetsova,E/
Moscow-ch 1996/EXP 55}) 14. b3 Bb7 15. Nc3 Rbd8 16. Rc1 Rfe8 17. h3 Nd7 18. f4
Nb8 19. g4 Nc6 20. g5 g6 21. Qd2 Bf8 22. Nd1 Bg7 23. Nf2 d5 24. cxd5 exd5 25.
Bxc5 dxe4 26. Qe3 Qb8 27. Red1 {Horvath,T-Tal,M/Lvov 1984/MCL 01/0-1 (37)}) 13.
exd5 cxd5 (13... Nxd5 {leads to White's advantage after} 14. Bd4 Rd8 15. c4 Nb4
16. Bb6 Rxd1 17. Bxc7 Rxa1 18. Rxa1 Ra7 19. Ba5 c5 20. Nb6 Bb7 21. a3 Nc2 22.
Rd1 Nd4 23. b4 f6 24. bxc5 Bxc5 25. Na4 Ne2+ 26. Kf1 Bxg2+ 27. Kxg2 Bxa3 28. c5
{Galdunts,S-Stangl,M/Bad Woerishofen op 1994/EXP 39/1-0 (39)}) 14. c4 $1 Bb7 ({
A key move. White obtains a better position exchanging his c-pawn and creating
the isolated pawn in Black's camp.} 14... Qxc4 {fails to} 15. Nb6 Qc6 16. Rc1
Qb7 17. Nxa8 Qxa8 18. Bc5) 15. Rc1 Qd8 16. Nb6 Rb8 17. cxd5 Bxd5 18. Nxd5 Nxd5
19. Bxd5 exd5 {The arising position is clearly in White's favor. Yet, Black
has good defensive resources.} 20. Bd4 (20. Re2 {is met by} Bf6 {, with the
idea d5-d4.}) (20. b3 {seems, however, to be a better choice. Now} Bf6 {
fails to} 21. Bc5 {, whilst White can improve his position by Bd4 or Bf4-e5.})
20... Bf6 {Clearly the best decision: exchanging the white active dark-squared
bishop Black simplifies his task.} 21. Re2 Bxd4 22. Qxd4 Qa5 23. a3 Rbc8 {
Sticking to the exchange strategy. White was planning to double his rooks
along the c-file, and the text move prevents this intention.} 24. Rxc8 ({
Exchanging the rooks, White reduces his winning chances. Instead,} 24. Rd1 Qb5
25. Rdd2 $5 {desereved serious attention.}) 24... Rxc8 25. Kg2 Qb5 26. Re5 Rd8
27. a4 (27. b4 {is met by} a5 {, minimizing White's winning chances.}) 27...
Qc6 28. b3 h6 29. Re3 a5 30. h4 h5 31. Rc3 Qe6 32. Rd3 Qc6 33. Kh2 g6 34. Rc3
Qd6 35. Re3 Qb4 {Aiming at the weak b3-pawn. Black is ready to exchange his
two queenside pawns for the pawn b3, attaining theoretically equal ending.} 36.
Qf6 Rb8 37. Rf3 Rf8 38. Rd3 Qc5 39. Kg2 Rb8 40. Qg5 Qc6 {[%csl Ra5,Rb3,Rd5]
[%cal Gg5d5,Gd5a5,Gd3d5,Yb8b3]} 41. Qxd5 (41. Kg1 {is effectively met by} Qe6)
41... Qxd5+ 42. Rxd5 Rxb3 43. Rxa5 Ra3 44. Ra8+ Kg7 45. a5 Kf6 46. Ra7 Ke6 47.
Kf1 Ra2 48. Kg2 Ra3 49. a6 Kf6 50. Ra8 {The arising ending is drawn. The
active black rook prevents the white king's march to the queenside, which can
be commited at the cost of the kingside pawns. Certainly, if White moves his
pawn to a7, the black rook cannot leave the a-file. However, in this case,
White cannot win either, since his king cannot approach the a-pawn, being
permanetly attacked by the black rook.} Ke7 51. f3 Kf6 {[%csl Rf3,Rg3][%cal
Ga3f3,Ga3a6]} 52. Kf2 Kg7 53. g4 hxg4 54. fxg4 Ra4 55. Kf3 Ra3+ 56. Ke2 Ra4 57.
Kf3 Ra3+ 58. Ke2 Ra4 1/2-1/2

[Event "RUS-chT 06th"]
[Site "St Petersburg"]
[Date "1999.05.21"]
[Round "6"]
[White "Solovjov, Sergey"]
[Black "Sergienko, Sergey"]
[Result "1-0"]
[WhiteElo "2447"]
[BlackElo "2387"]
[Annotator "Atlas,V"]
[PlyCount "47"]
[EventDate "1999.05.16"]
[EventType "team-tourn"]
[EventRounds "9"]
[EventCountry "RUS"]
[SourceTitle "EXT 2020"]
[Source "ChessBase"]
[SourceDate "2019.10.17"]
[SourceVersion "1"]
[SourceVersionDate "2019.10.17"]
[SourceQuality "1"]
[WhiteTeam "Murmansk OShK"]
[BlackTeam "Voronezh OShK"]
[WhiteTeamCountry "RUS"]
[BlackTeamCountry "RUS"]

1. e4 c5 2. Nf3 d6 3. d4 cxd4 4. Nxd4 Nf6 5. Nc3 e6 6. Be3 a6 7. g4 h6 8. f3 b5
9. Qd2 Bb7 10. O-O-O Nbd7 11. h4 b4 12. Nce2 d5 13. Bh3 Ne5 14. Nf4 ({Another
principal option is:} 14. g5 Nc4 15. Qd3 Qa5 16. Kb1 Nd7 17. g6 Nc5 18. gxf7+
Kxf7 19. Bxe6+ Ke8 20. Nb3 Nxd3 21. Nxa5 Ndxb2 22. Nxb7 Nxd1 23. Bd4 Nc3+ {
1/2-1/2 Ernst,T-Stohl,I/Manila 1992/TD (66)}) 14... Qa5 ({Two important
alternatives are in Black's disposal here:} 14... g5 $5 15. hxg5 Nc4 16. Qe2
Qa5 17. Kb1 hxg5 18. Nfxe6 fxe6 19. Bxg5 Be7 {0-1 De la Riva,O-Vera,R/Sitges
1993/EXT 97 (30)}) ({and} 14... Nc4 $5 15. Qe2 Bd6 (15... Qa5 16. Kb1 Nxe3 17.
Qxe3 dxe4 18. Nb3 Qe5 19. Rhe1 Be7 20. fxe4 g5 21. Nd3 Qxe4 22. Qg1 Qh7 {
1-0 Adla,D-Tratar,M/Paranana 1993/EXT 97 (47)}) 16. g5 Bxf4 17. Bxf4 Nh5 18.
Bh2 hxg5 19. exd5 Bxd5 20. Nxe6 Qf6 21. Nc7+ Kf8 22. Be5 Nxe5 23. Rxd5 Nf4 {
1/2-1/2 De la Riva,O-David,P/Odessa 1990/EXT 97 (32)}) 15. Kb1 dxe4 16. g5 Nd5
$6 (16... hxg5 {deserves serious attention here:} 17. hxg5 Nc4 18. Qe2 Nxe3 19.
Qxe3 Qxg5 20. Nfxe6 Qxe3 21. Nc7+ Kd8 22. Nxa8 Nd5 23. Nb6 Kc7 24. Nxd5+ Bxd5 {
0-1 Vidarsson,J-Olafsson,H/ISL 1994/EXT 97 (24)}) 17. g6 $1 fxg6 ({In sharp
complications arising after} 17... Nc4 {White has an upper hand:} 18. gxf7+
Kxf7 19. Bxe6+ (19. Qg2 $5 Nxf4 (19... Ncxe3 $4 20. Qg6+ Ke7 (20... Kg8 21.
Bxe6#) 21. Qxe6+ Kd8 22. Qd7#) (19... g5 20. Bxe6+ Ke8 21. Nxd5 Bxd5 22. Bxd5
Nxe3 23. Bc6+ $18) 20. Bxf4 Bd5 21. fxe4 Nd2+ 22. Kc1 Nxe4 23. Bxe6+ Bxe6 24.
Qxe4 Qd5 25. Qxe6+ Qxe6 26. Nxe6 Kxe6 27. Rhe1+ $36) 19... Ke8 (19... Kf6 20.
Qg2 Nxf4 (20... Ncxe3 21. Qg6+ Ke7 (21... Ke5 22. Bxd5 Bxd5 23. Nxd5 Qxd5 24.
Nc6+ $18) 22. Qf7+ Kd6 23. Qd7+ $18) 21. Bxf4 exf3 22. Qg4 $18) 20. Qg2 g5 21.
Nxd5 Bxd5 22. Bxd5 Qxd5 23. fxe4 Nxe3 24. Qf3 $18) 18. Nb3 Qb5 19. Nxe6 {
Threatening 20.Qd5! Bd5 21.Nc7+} Kf7 $6 (19... Nxf3 $2 {fails} 20. Qxd5 $1 (20.
Nc7+ Kf7 $2 (20... Nxc7 21. Bd7+ Kf7) 21. Qxd5+ Bxd5 22. Nxb5 Bxb3 23. Nc7 $18)
20... Bxd5 21. Nc7+ Kf7 22. Nxb5 Bxb3 23. Nc7 $18) ({If} 19... Nc4 $5 {then}
20. Qg2 Ncxe3 (20... Kf7 21. Rhg1 Ncxe3 $140 22. Qxg6+ Kg8 23. Qxg7+ Bxg7 24.
Rxg7#) 21. Qxg6+ Ke7 22. Nxg7 {, with attack.}) 20. Ned4 $1 {This non-obvious
knight retreat yields White a decisive attack.} Nxf3 {Meets an elegant
refutation.} (20... Nc4 {is met by} 21. Be6+ Ke7 (21... Ke8 22. Qg2 (22. Nxb5
Nxd2+ 23. Rxd2 Nxe3 24. Nc7+ Ke7 25. Rd7+ Kf6 26. Rf7+ Ke5 27. f4+ Kd6 28. Rd7+
Kc6 29. Na5+ Kb6 30. Nxb7 $18)) (21... Kf6 22. Bg5+ hxg5 (22... Ke5 23. Qh2+
$18) 23. Qxg5#) 22. Bg5+ Ke8 23. Qf2 $1 $18) 21. Be6+ Kf6 22. Nxf3 Nxe3 (22...
exf3 23. Bxd5 $18) 23. Qxe3 exf3 24. Qf4+ $1 {[%csl Rf6][%cal Gd1d8,Gh1e1,
Ge1e8,Gf4f8][%mdl 128]} (24. Qf4+ Kxe6 (24... Ke7 25. Qf7#) 25. Nd4+ Ke7 26.
Nxb5 axb5 27. Rhe1+ Be4 28. Rxe4#) 1-0

[Event "Jakarta"]
[Site "Jakarta"]
[Date "1996.??.??"]
[Round "?"]
[White "Ye, Jiangchuan"]
[Black "Situru, Nathanael"]
[Result "1-0"]
[WhiteElo "2540"]
[BlackElo "2385"]
[Annotator "Atlas,V"]
[PlyCount "65"]
[EventDate "1996.08.28"]
[EventType "tourn"]
[EventRounds "11"]
[EventCountry "INA"]
[EventCategory "10"]
[SourceTitle "CBM 057"]
[Source "ChessBase"]
[SourceDate "1997.04.01"]
[SourceVersion "1"]
[SourceVersionDate "1997.04.01"]
[SourceQuality "1"]

1. e4 {Gershon} c5 2. Nf3 e6 3. d4 cxd4 4. Nxd4 Nf6 5. Nc3 d6 6. Be3 a6 7. Qd2
Ng4 {Gershon: A plan chosen by black wastes a lot of time, and helps white in
developing his game much more than it helps black.} 8. Bg5 Qc7 (8... Be7 {
is inferior in view of} 9. Bxe7 Qxe7 10. O-O-O O-O 11. f3 $14) (8... Qb6 {
yields White a better play after} 9. Be2 $1 (9. O-O-O Nc6) 9... Ne5 10. f4 $32)
9. O-O-O (9. Qe2 $5 Ne5 (9... Nf6 10. O-O-O $14) (9... Qc5 {Gershon,Nor} 10.
Qxg4 Qxd4 11. Be3 Qb4 12. O-O-O Nc6 13. f4 $32 $16 b5 14. Bb6 d5 15. exd5 Ne5
16. Qg3 Nc4 17. Bxc4 bxc4 18. dxe6 Qxb6 19. Nd5 Qc5 20. f5 Ra7 21. e7 f6 22.
Rhe1 Rd7 23. Nc7+ {Sax,G-Salazar,H/Dubai olm /1986/1-0}) 10. f4 Ng6 11. O-O-O
h6 12. f5 $1 Ne5 13. Qh5 $16 {Sax,Gy; Hazai,L}) (9. f4 $5 {also deserves
attention.}) 9... h6 (9... Nc6 {is more careful.}) 10. Bh4 g5 $5 {The critical
move. Struggling for the control over the square e5, Black reluctantly
diminshes his king side hoping to compensate the weakeness of the kingside by
the active counterplay. Gershon: Comparing to the regular variations with Ng4,
h6,g5 that are very popular in the Najdorf variation, here white has much
better developed pieces (we cannot say the same about black), and that should
asure his advantage.} (10... Nd7 {Gershon,Nor} 11. f3 Nge5 12. f4 $32 $16) 11.
Bg3 Nd7 12. h4 {Gershon: Now white takes over the "h" line which makes it
easier to exploit the development advantage.} Rg8 13. hxg5 hxg5 14. Nf3 Qc5 $6
({Better was} 14... Be7 15. Rh5 $140 (15. Be2 {Gershon,Nor} b5 16. Rh5 (16.
Bxb5 $2 axb5 17. Nxb5 Qb7 18. Nxd6+ Bxd6 19. Bxd6 Rxa2 $17) 16... Qc5 17. e5
dxe5 (17... Ndxe5 $2 18. Ne4 Qc6 19. Nxd6+ Bxd6 20. Nxe5 Nxe5 21. Bxe5 $18) (
17... Ngxe5 $6 18. Ne4 Qc6 19. Nxd6+ Bxd6 20. Qxd6 Qxd6 21. Rxd6 Ke7 22. Rd4
Nc6 23. Bd6+ Ke8 24. Rg4 $16) 18. Ne4 (18. Nxg5 Nxf2 19. Nce4 Nxe4 20. Nxe4 Qc7
21. Rf1) 18... Qd5 19. Nfxg5 Qxa2 20. Nd6+ Bxd6 21. Qxd6 Ngf6 22. Qc6 $1 (22.
Bxe5 $2 Nxh5 23. Bxh5 Rxg5 24. Bf6 Qa1+ 25. Kd2 Qxd1+ 26. Kxd1 Rd5+ $19) 22...
Qa1+ 23. Kd2 Qa5+ 24. c3 (24. Kc1 $10) 24... Rb8 25. Ne4 $1 (25. Bxe5 Bb7 $19)
(25. Nxe6 Bb7 (25... fxe6 26. Qxe6+ Kf8 (26... Kd8 27. Bh4 $18) 27. Rxe5 $1 Qd8
$8 28. Ke1 Rb6 29. Qh3 $16 {Gershon: With a very strong attack.}) 26. Qc7 (26.
Nc7+ Kd8 $19) 26... Qxc7 (26... Qa2 27. Ng7+ Rxg7 28. Rh8+ (28. Rxe5+ Kf8 29.
Kc2 $44) 28... Rg8 $8 (28... Ng8 29. Ke1 $1 (29. Bxe5 Qd5+ 30. Ke1 Qxe5 31.
Qxd7+ Kf8 32. Rh5 Qe6 33. Qc7 Re8 34. Qc5+ Qe7 $19) 29... Bd5 30. c4 Qxb2 31.
Rxd5 Qc1+ 32. Rd1 Qc3+ 33. Kf1 $18) 29. Rxg8+ Nxg8 30. Ke1 Ngf6 31. Bh4 $3 $16
(31. Bxe5 Nd5 $17) 31... Nd5 32. Qd6 $1 $18 {[%cal Gd1d5]}) 27. Nxc7+ Kd8 28.
Rxe5 Rxg3 $19) 25... Nxe4+ (25... Nxh5 26. Bxh5 $16) 26. Qxe4 b4 $1 27. Qd3 (
27. Bxe5 $2 bxc3+ 28. bxc3 Rb2+ 29. Ke1 Nxe5 30. Qxe5 Qxe5 31. Rxe5 Rxg2 $17)
27... bxc3+ 28. bxc3 Bb7 29. Ke1 Nc5 30. Qd6 Qxc3+ 31. Kf1 Rc8 32. Rh7 $16)
15... Qc5 $13) 15. e5 $1 $14 {A thematic breakthrough, yielding White a better
play.} (15. Rh5 {is weaker in view of} Be7) 15... d5 {Gershon: In order to
minimize white's development advantage black tries to close the center, and
make it harder for white to break through} (15... Ngxe5 {fails to} 16. Nxe5
dxe5 (16... Nxe5 $4 17. Ne4) 17. Ne4 $16) (15... dxe5 {Gershon,Nor} 16. Nxg5
$16 {Gershon: Black fails to get his pieces out.}) 16. Nxg5 Be7 (16... Bh6 $2 {
is suisidal in view of} 17. Rxh6 Nxh6 18. Nxe6 $18 {->}) 17. Nf3 {Gershon: Now
there is a French-type position on the board only that white has almost
acomplished his game plan (which is: to break black's position on the king's
side) and black didn't even start yet. And of course the extra pawn should be
counted for something.} b5 18. Kb1 Nb6 (18... Bb7 $2 {fails to} 19. Ne4 $1 (19.
Rh7 $6 Nf8)) ({However,} 18... Nf8 $5 {, establishing control over the square
h7, was more prudent.}) (18... b4 {is dubious in view of} 19. Na4 Qc6 20. b3 {
/\Nd4}) 19. Rh7 b4 (19... f5 $5 {was a noteworthy alternative.}) 20. Ne2 Nxf2
$2 {The crucial mistake. Black had to choose between} (20... Nc4 21. Qf4 f5) ({
and immediate} 20... f5 $5 {, although in both cases White has a better play.})
21. Bxf2 Qxf2 22. Qf4 Rf8 23. Ned4 $1 $18 {[%csl Rf2][%cal Yg2g4,Gh7h2,Gh2f2]
Gershon: Now it's just a matter of time till black stops the clock! ףf2, /\g4,
Rh2. After this move Black suddenly finds his queen trapped.} Bc5 (23... Nc4
24. Bxc4 dxc4 25. g4 {/\Rh2+-, and queen is lost.}) 24. Rh1 {/\Rd2} Bxd4 25.
Rxd4 Nc4 26. Bd3 $6 {Gershon: White will build up a pressure on the f7 pawn
without black being able to fight.} ({An artificial move.} 26. Bxc4 dxc4 {
wins immediately after} 27. Rhd1 (27. Qe4 Ra7 (27... Rb8 28. Qc6+ $18) 28. Rhd1
Bd7 29. Nd2 $18) 27... Bb7 28. Qf6 Bd5 29. Rxd5 $1 exd5 30. Qc6+ Ke7 31. Qb7+
Ke6 32. Qxd5+ Kf5 33. e6+ Kg6 34. Qg5+ $18) 26... Rg8 (26... Qxg2 {loses in
view of} 27. Rh2 (27. Rg1 $2 Qxf3 28. Rxc4 Qxf4 29. Rxf4 a5 $13) 27... Qg7 (
27... Qg8 {Gershon,Nor} 28. Bxc4 dxc4 29. Qe4 Ra7 30. Qc6+ Bd7 31. Rxd7 Rxd7
32. Rd2 $18) 28. Bxc4 dxc4 29. Qe4 Ra7 30. Qc6+ Bd7 31. Rxd7 Rxd7 32. Rd2 f5
33. Qc8+ $18) 27. g4 $4 ({Incredible error in the winning position! Natural} 
27. Bxc4 $1 {easily wins:} dxc4 (27... Qxg2 28. Rhd1 $18) 28. Rhd1 Bb7 29. Rd7
$18 (29. Qf6 Bd5 30. Rxd5 exd5 31. Qc6+ Ke7 32. Qb7+ $18)) 27... Bb7 $4 ({
A rare case of mutual blindness! Black could immediately win after} 27... Qxf3
$1 28. Qxf3 (28. Rxc4 Qxh1+ $19) 28... Nd2+ 29. Kc1 Nxf3) 28. Rf1 {Gershon:
Another problem of black's is that his queen needs a little more space than
it's got....} Qe3 (28... Qg2 {loses after} 29. Ne1 $18 {[%csl Rf7]}) 29. Rxc4
$1 $18 {The final blow. Now the game is over.} dxc4 30. Qxe3 cxd3 31. Ng5 dxc2+
32. Kxc2 Bd5 33. Nh7 1-0